000 00965cam a2200325 a 4500
001 2883842
005 20250219013603.0
008 860324s1986 enk b 001 0 eng
020 _a0860911128
020 _a086091819X
040 _aDLC
_cDLC
_dDLC
082 0 0 _a305.4
_26951
_bCOO
245 0 0 _aWomen's Work, Men's Property:
_bThe Origins of Gender and Class
260 _aLondon
_bVerso,
_c1986
300 _axi, 220 p.,
500 _a"Distributed in the USA and Canada by Schocken Books"--Jacket.
500 _aIncludes indexes.
650 0 _aWomen
650 0 _aMen
650 0 _aSex role.
650 0 _aSex discrimination against women
650 0 _aLabour
650 0 _aSocial evolution.
650 0 _aGender
700 1 _aCoontz, S
_eedt
700 1 _aHenderson, P
_eedt
856 4 2 _uhttp://www.loc.gov/catdir/enhancements/fy1311/86135617-b.html
856 4 2 _uhttp://www.loc.gov/catdir/enhancements/fy1311/86135617-d.html
942 _cL
999 _c5982
_d5982